000 00598 a2200181 4500
020 _a1852330589
020 _a9781852330583
082 0 4 _a516
090 _c205
_d205
100 1 _aFenn, Roger.
245 1 0 _aGeometry /
_cRoger Fenn.
260 _a[S.l.] :
_bSpringer,
_c2001.
300 _a313 p. ;
_c24 cm.
490 1 _aSpringer undergraduate mathematics series.
830 0 _aSpringer undergraduate mathematics series.
942 _aSNS
_cBK
_k516 FEN
999 _c28842
_d28842